Every Currency of the World - Statistics

General Stats
  • This quiz has been taken 68 times
  • The average score is 137 of 196
Answers on the Map
Answers color-coded by a green-red scale on the quiz's map according to % correct below.
 
Answer Stats
Name Symbol Answer % Correct
Bahamas B$ Bahamian Dollar
95%
Belize $ Belize Dollar
95%
Antigua and Barbuda $ East Caribbean Dollar
95%
Andorra Euro
95%
Austria Euro
95%
Belgium Euro
95%
Australia $ Australian Dollar
93%
Canada $ Canadian Dollar
93%
Dominica $ East Caribbean Dollar
93%
Cyprus Euro
93%
Kiribati $ Australian Dollar
90%
Nauru $ Australian Dollar
90%
Tuvalu $ Australian Dollar
90%
Barbados Bds$ Barbadian Dollar
90%
Central African Republic FCFA Central African Franc
90%
Chad FCFA Central African Franc
90%
Congo, Republic of the FCFA Central African Franc
90%
Congo, Democratic Republic of the FC Congolese Franc
90%
Grenada $ East Caribbean Dollar
90%
Saint Kitts and Nevis $ East Caribbean Dollar
90%
Saint Lucia $ East Caribbean Dollar
90%
Saint Vincent and the Grenadines $ East Caribbean Dollar
90%
Finland Euro
90%
France Euro
90%
Germany Euro
90%
Greece Euro
90%
Ireland Euro
90%
Italy Euro
90%
Kosovo Euro
90%
Latvia Euro
90%
Lithuania Euro
90%
Luxembourg Euro
90%
Malta Euro
90%
Monaco Euro
90%
Montenegro Euro
90%
Netherlands Euro
90%
Portugal Euro
90%
San Marino Euro
90%
Slovakia Euro
90%
Slovenia Euro
90%
Spain Euro
90%
Vatican City Euro
90%
Guyana GY$ Guyanese Dollar
90%
Jamaica $ Jamaican Dollar
90%
New Zealand $ New Zealand Dollar
90%
United Kingdom £ Pound Sterling
90%
Singapore S$ Singapore Dollar
90%
South Sudan £ South Sudanese Pound
90%
Switzerland SFr. Swiss Franc
90%
Trinidad and Tobago TT$ Trinidad and Tobago Dollar
90%
Ecuador $ United States Dollar
90%
Marshall Islands $ United States Dollar
90%
Micronesia $ United States Dollar
90%
Palau $ United States Dollar
90%
Panama $ United States Dollar
90%
Timor-Leste $ United States Dollar
90%
Zimbabwe $ United States Dollar
90%
Ivory Coast CFA West African Franc
90%
Argentina $ Argentinian Peso
88%
Brunei B$ Brunei Dollar
88%
Cameroon FCFA Central African Franc
88%
Equatorial Guinea FCFA Central African Franc
88%
Gabon FCFA Central African Franc
88%
Estonia Euro
88%
Fiji FJ$ Fijian Dollar
88%
Guinea GFr Guinean Franc
88%
India Indian Rupee
88%
Mexico $ Mexican Peso
88%
Namibia N$ Namibian Dollar
88%
Suriname $ Surinamese Dollar
88%
Syria £S Syrian Pound
88%
United States of America $ United States Dollar
88%
Benin CFA West African Franc
88%
Burkina Faso CFA West African Franc
88%
Guinea-Bissau CFA West African Franc
88%
Mali CFA West African Franc
88%
Niger CFA West African Franc
88%
Senegal CFA West African Franc
88%
Chile $ Chilean Peso
86%
Columbia $ Colombian Peso
86%
Comoros CF Comorian Franc
86%
Japan ¥ Japanese Yen
86%
Liberia L$ Liberian Dollar
86%
Soloman Islands Si$ Soloman Islands Dollar
86%
Lichtenstein SFr. Swiss Franc
86%
El Salvador $ United States Dollar
86%
Togo CFA West African Franc
86%
Dominican Republic RD$ Dominican Peso
83%
Taiwan NT$ New Taiwan Dollar
83%
Russia Russian Ruble
83%
China ¥ Chinese Yuan Renminbi
81%
Cuba Cuban Peso
81%
Norway kr Norwegian Krone
81%
South Korea South Korean Won
81%
Uruguay $U Uruguayan Peso
81%
Denmark Kr. Danish Krone
79%
North Korea North Korean Won
79%
Serbia din Serbian Dinar
79%
Djibouti Fdj Djiboutian franc
76%
Rwanda R₣ Rwandan Franc
76%
Sweden kr Swedish Krona
76%
Bahrain ب Bahraini Dinar
74%
Iceland Íkr Icelandic Krona
74%
Pakistan Rs Pakistani Rupee
74%
Algeria دج Algerian Dinar
71%
Belarus BYN Belarusian Ruble
71%
Israel Israeli New Shekel
71%
Jordan د.ا Jordanian Dinar
71%
Kuwait د.ك Kuwaiti Dinar
71%
Philippines Philippine Peso
71%
Poland Polish Zloty
71%
Turkey Turkish Lira
71%
Albania L Albanian Lek
69%
Hungary Ft Hungarian Forint
69%
Libya ل.د Libyan Dinar
69%
South Africa R South African Rand
69%
Burundi FBu Burundi Franc
67%
Iraq ع.د Iraqi Dinar
67%
Tunisia د.ت Tunisian Dinar
67%
Brazil R$ Brazilian Real
64%
Czech Republic Czech Koruna
64%
Iran Iranian Rial
64%
Oman ر.ع. Omani Rial
64%
Tanzania TSh Tanzanian Shilling
64%
Uganda USh Ugandan Shilling
64%
Vietnam Vietnamese Dong
64%
Afganistan ؋ Afghan Afghani
62%
Bosnia and Herzegovina KM Bosnia and Herzegovina Convertible Mark
62%
Thailand ฿ Thai Baht
62%
Venezuela Bs Venezuelan Bolivar
62%
Yemen Yemeni Rial
62%
Bulgaria Лв. Bulgarian Lev
60%
Egypt ج.م Egyptian Pound
60%
Indonesia Rp Indonesian Rupiah
57%
Nepal रू Nepalese Rupee
57%
Romania lei Romanian Leu
57%
Somalia Sh.so. Somali Shilling
57%
Sri Lanka රු Sri Lankan Rupee
57%
Cape Verde Esc Cabo Verdean Escudo
55%
Croatia kn Croatian Kuna
55%
Kenya /- Kenyan Shilling
55%
Lebanon ل.ل.‎ Lebanese Pound
55%
Moldova L Moldovan Leu
55%
Peru S/ Peruvian Sol
55%
Qatar ر.ق Qatari Riyal
55%
Saudi Arabia ﷼‎ Saudi Arabian Riyal
55%
Sudan ج.س. Sudanese Pound
55%
Costa Rica Costa Rican Colon
50%
Guatemala Q Guatemalan Quetzal
50%
North Macedonia Ден Macedonian Denar
50%
Mauritius Rs Mauritian Rupee
50%
Angola Kz Angolan Kwanza
48%
Morocco MAD Moroccan Dirham
48%
Sierra Leone Le Sierra Leonean Leone
48%
Uzbekistan So'm Uzbekistani Soʻm
48%
Bolivia Bs. Bolivian Boliviano
45%
Malaysia RM Malaysian Ringgit
45%
Armenia ֏ Armenian Dram
43%
Bangladesh Bangladeshi Taka
43%
Paraguay Paraguayan Guarani
43%
United Arab Emirates د.إ UAE Dirham
43%
Ukraine Ukrainian Hryvnia
43%
Azerbaijan AZN Azerbaijan Manat
40%
Ethiopia ብር Ethiopian Birr
40%
Haiti G Haitian Gourde
40%
Seychelles SRe Seychellois Rupee
40%
Ghana GH₵ Ghanaian Cedi
38%
Honduras L Honduran Lempira
38%
Laos ₭N Lao Kip
38%
Nigeria Nigerian Naira
38%
Vanuatu VT Vanuatu Vatu
38%
Mongolia Mongolian Tugrik
36%
Nicaragua C$ Nicaraguan Cordoba
36%
Papua New Guinea K Papua New Guinean Kina
36%
Zambia ZK Zambian Kwacha
36%
Bhutan Nu. Bhutanese Ngultrum
33%
Botswana P Botswana Pula
33%
Cambodia Cambodian Riel
33%
Georgia Georgian Lari
33%
Kyrgyzstan Лв Kyrgyzstani Som
31%
Malawi MK Malawian Kwacha
31%
Myanmar K Myanmar Kyat
31%
Sao Tome and Principe Db Sao Tome and Principe Dobra
31%
Gambia D Gambian Dalasi
29%
Kazakhstan Kazakhstani Tenge
29%
Madagascar Ar Malagasy Ariary
29%
Maldives Maldivian Rufiyaa
29%
Mozambique MT Mozambican Metical
29%
Samoa WS$ Samoan Tala
29%
Tajikistan SM Tajikistani Somoni
29%
Eritrea ናቕፋ Eritrean Nakfa
26%
Tonga T$ Tongan Pa’anga
26%
Turkmenistan T Turkmen Manat
26%
Eswatini L Swazi Lilangeni
24%
Lesotho M Lesotho Loti
21%
Mauritania MRU Mauritanian Ouguiya
21%
No matching quizzes found
Score Distribution
Percent of People with Each Score
Percentile by Number Answered
Your Score History
You have not taken this quiz